000 00361nam a2200157Ia 4500
008 221030s9999 xx 000 0 und d
020 _a9339221869
041 _aEnglish
100 _aM. Y. Khan
245 0 _aFinancial Services
_cby M. Y. Khan
250 _a8th
260 _bTMH
_aNew Delhi
_c2016
300 _a14.53
650 _aManagement
942 _cBK
999 _c17056
_d17056